| 000 | 00597nam a22001937a 4500 | ||
|---|---|---|---|
| 001 | 86247 | ||
| 003 | BD-RjUL | ||
| 005 | 20260305122332.0 | ||
| 008 | 260305s1952 p ||||| |||| 00| 0 urd d | ||
| 035 | _a(BD-RjUL)86247 | ||
| 040 |
_aBD-RjUL _beng _cBD-RjUL |
||
| 041 | _aurd | ||
| 082 |
_223 _a297 _bAKM 1952 |
||
| 245 |
_aمذاہب اسلامیہ ;; Mujahib i Islamiah ,/ _cخواجہ عباد اللہ اختر ;; Khawaja Ibadullah Akhtar |
||
| 260 |
_aLahore : _bمطبوعات ادارہ ثقافت اسلامیہ , _c1952 |
||
| 300 |
_a333 p. ; _c21 cm |
||
| 650 | _aIslam | ||
| 942 |
_2ddc _cBK |
||
| 999 |
_c86247 _d86247 |
||